[Event "Barnaul Kura Memorial"]
[Site "Barnaul"]
[Date "2023.02.25"]
[Round "1"]
[White "Zvjaginsev, Vadim"]
[Black "Markov, Artem"]
[Result "1-0"]
[WhiteElo "2598"]
[BlackElo "2010"]
[PlyCount "61"]
[EventDate "2023.02.25"]
[EventType "swiss (rapid)"]
[EventRounds "11"]
[EventCountry "RUS"]
[SourceTitle "CBM 213 Extra"]
[Source "ChessBase"]
[SourceDate "2023.05.31"]
[SourceVersion "1"]
[SourceVersionDate "2023.05.31"]
[SourceQuality "1"]

1. Nf3 d5 2. g3 Nf6 3. Bg2 c5 4. 0-0 Nc6 5. d4 e6 6. c4 cxd4 7. cxd5 exd5 8. Nxd4 Bc5 9. Nxc6 bxc6 10. Qc2 Qb6 11. Nc3 Be7 12. e4 Ba6 13. Re1 dxe4 14. Nxe4 0-0 15. Be3 Qc7 16. Bf4 Qb6 17. Be3 Qc7 18. Ng5 h6 19. Bf4 Bd6 20. Bxd6 Qxd6 21. Rad1 Qc7 22. Nf3 Rae8 23. h3 Qb6 24. Ne5 Bb7 25. Re3 Rd8 26. Rc1 Nd5 27. Rb3 Qc7 28. Nxc6 Bxc6 29. Qxc6 Qe5 30. Rb5 Rd6 31. Qc5 1-0